| 000 | 00610cam a2200181 a 4500 | ||
|---|---|---|---|
| 001 | 916025 | ||
| 005 | 20170925113306.0 | ||
| 008 | 820706s1983 nyua b 000 0 eng | ||
| 020 | _a088716710 (pbk.) | ||
| 040 | _cPK-LaUMT | ||
| 082 | 0 | 0 |
_a613.269 _219 _bBRE- |
| 245 | 1 | 0 |
_aBreastfeeding basics : _blearning makes it natural / _cDiane MacGregor; edited by Nicole Watkins-Campbell; illustations by Bonnei Ross; photography Shirley Robb |
| 260 |
_aNova Scotia : _bPublic Health Services, _c2011 |
||
| 300 |
_a130 p. : _bill. ; _c21 cm. |
||
| 490 | 0 | _aA Sun words book | |
| 650 | 0 | _aBreastfeeding. | |
| 942 | _cBK | ||
| 999 |
_c98458 _d98458 |
||